Výnimočná návšteva

Bibliographic Details
Main Authors: Vrlík, Peter (Author), Majko, Pavol, 1971- (Author)
Format: Article
Language:Slovak
PhysicalDescription:Fotogr.
ISSN:1335-7921
Subjects:

MARC

LEADER 00000nab a2200000 a 4500
001 vtls000800714
003 SK-MaSNL
005 20260302152129.0
008 140716c2002 xo 0 slo
015 |a SNBRB2002/07-22706 
035 |a CLN000152369 
040 |a SNKBUCL  |b slo  |c SNKBUCL  |e AACR2 
041 0 |a slo 
044 |a xo  |c SK 
080 |a 598.3(437.6)  |2 1997 
100 1 |a Vrlík, Peter  |4 aut  |9 338938 
245 1 0 |a Výnimočná návšteva  |c Peter Vrlík, Pavol Majko 
300 |b Fotogr. 
500 |a Pozn. 
650 0 7 |a ibisovec hnedý  |z Liptovská Mara (Slovensko)  |2 snkbucl  |9 844892 
655 7 |a články z novín a časopisov  |2 snkbucl  |9 267496 
700 1 |a Majko, Pavol,  |d 1971-  |4 aut  |9 175535 
773 0 |t Ochrana prírody Slovenska  |g Č. 2 (2002), s. 5  |x 1335-7921 
850 |a Slovenská národná knižnica v Martine 
852 |a SNK  |b KIS3GCP 
958 |a SK 
992 |a RBX 
999 |c 1361831  |d 1363761